| 000 | 00420nam a2200145Ia 4500 | ||
|---|---|---|---|
| 008 | 231129s2009||||xx |||||||||||||| ||spa|| | ||
| 020 | _a978-958-710-405-9 | ||
| 040 | _bspa | ||
| 082 | _aCo861 R763a | ||
| 100 | _aRomero Armando | ||
| 245 | 0 | _aEl árbol digital y otros poemas | |
| 260 | _c2009 | ||
| 264 | _aBogotá Colombia : Universidad Externado de Colombia | ||
| 942 |
_2ddc _cBKS |
||
| 999 |
_c10234 _d10234 |
||